000 01072nam a2200313 a 4500
001 55039
003 BD-RJUL
005 20211209080215.0
008 161113r19691905nyub b 001 0 eng
035 _aBD-RJUL 55161
035 _a(OCoLC)00034271
035 _aGLIS00450698
040 _aDLC
_cDLC
_dm.c.
_dm/c
_beng
041 _aeng
082 _223
_a942.02
_bADH 1969
090 _aDA30
_b.P769 v.2 1969
099 _aDA30.P769 v.2 1969
100 1 _aAdams, George Burton,
_d1851-1925.
_9139853
245 1 4 _aThe history of England :
_c from the Norman Conquest to the death of John, 1066-1216 /
_b George Burton Adams
260 _aNew York :
_bAMS Press,
_c1969.
300 _ax, 473 p. :
_bill. ;
_c23 cm.
490 1 _aPolitical history of England ;
_vv. 2
504 _aBibliographical references included in "On authorities" (p. 448-458)
651 0 _aGreat Britain
_xHistory
_yMedieval period, 1066-1485.
_9164080
830 0 _aPolitical history of England ;
_vv. 2.
_9164082
942 _2ddc
_cBK
949 _aMYGH
999 _c55039
_d55039